[Event "Nationale 1 Grasse-Toulouse"]
[Site "Avignon"]
[Date "2007.11.25"]
[Round "3.7"]
[White "Henneteau"]
[Black "Planell"]
[Result "1-0"]
[WhiteElo "2119"]
[BlackElo "2186"]
[Annotator "Avignon,Club"]
[PlyCount "55"]
[EventDate "2007.??.??"]

{159MB, DFritz10.ctg} 1. d4 Nf6 2. c4 g6 3. Nc3 d5 4. e3 Bg7 5. Nf3 O-O 6. Qb3
c6 7. Be2 a6 8. a4 a5 9. cxd5 cxd5 10. O-O Nc6 11. Bd2 Rb8 12. Rfd1 Bf5 13.
Rac1 h6 14. Ne5 g5 15. Be1 e6 16. f4 Ne4 17. Nxe4 Bxe4 18. Qa3 Bxe5 19. fxe5
Qb6 20. Bb5 f6 21. Qd6 Rbe8 22. exf6 Rxf6 23. Bg3 Ref8 24. Rf1 Rd8 25. Rxf6
Rxd6 26. Bxd6 Bf5 27. Rf8+ Kg7 28. Rc8 1-0

[Event "Nationale 1 Cannes-Besançon"]
[Site "Avignon"]
[Date "2007.11.25"]
[Round "3.7"]
[White "Canneva, F."]
[Black "Minet, S."]
[Result "1/2-1/2"]
[WhiteElo "2087"]
[BlackElo "2166"]
[Annotator "Avignon,Club"]
[PlyCount "88"]
[EventDate "2007.??.??"]

{159MB, DFritz10.ctg} 1. e4 b6 2. d4 Bb7 3. Nc3 e6 4. a3 c5 5. Nf3 cxd4 6. Nxd4
Nc6 7. Be2 Nf6 8. Bg5 Nxd4 9. Qxd4 Bc5 10. Qd3 Qc7 11. Rd1 Rd8 12. O-O Be7 13.
Kh1 d5 14. Bxf6 Bxf6 15. exd5 Bxc3 16. d6 Qc5 17. Qxc3 Qxc3 18. bxc3 Kd7 19. f4
Rc8 20. f5 Rhf8 21. Bb5+ Bc6 22. Bxc6+ Rxc6 23. fxe6+ Kxe6 24. Rfe1+ Kd7 25.
Re7+ Kc8 26. Rxa7 Rd8 27. Ra8+ Kd7 28. Ra7+ Kc8 29. Rxf7 Rxc3 30. Rxg7 Rd7 31.
Rxd7 Kxd7 32. Rd2 Rxa3 33. Kg1 Ra2 34. Kf2 b5 35. Ke3 b4 36. Kd3 Rb2 37. Kc4 h5
38. Kd3 Kxd6 39. c3 Rxd2+ 40. Kxd2 bxc3+ 41. Kxc3 Ke5 42. Kd3 Kf4 43. Ke2 h4
44. Kf2 Ke4 1/2-1/2

[Event "Nationale 1 Toulouse-Grasses"]
[Site "Avignon"]
[Date "2007.11.25"]
[Round "3.2"]
[White "Pasquier, T."]
[Black "Dobrev, N."]
[Result "0-1"]
[WhiteElo "2233"]
[BlackElo "2448"]
[Annotator "Avignon,Club"]
[PlyCount "132"]
[EventDate "2007.??.??"]

{159MB, DFritz10.ctg} 1. e4 e5 2. Nf3 Nc6 3. Bb5 a6 4. Ba4 Nf6 5. Bxc6 dxc6 6.
d3 Bc5 7. Nbd2 O-O 8. O-O Re8 9. Nc4 Nd7 10. Bd2 b5 11. Na5 Qf6 12. a4 Nf8 13.
b4 Bb6 14. Be3 Bxa5 15. bxa5 Bg4 16. h3 Bxf3 17. Qxf3 Qxf3 18. gxf3 Ne6 19.
Rfb1 g6 20. Rb3 f5 21. Rc3 f4 22. Bc1 c5 23. Bb2 c6 24. Rb3 Nd8 25. Bc3 b4 26.
Bd2 Ne6 27. Kg2 Red8 28. Bc1 Rab8 29. Bb2 Nd4 30. Bxd4 cxd4 31. Rab1 c5 32. Kf1
Kf7 33. Ke2 g5 34. Rh1 Rd6 35. Rbb1 Rg6 36. Kd2 h5 37. Ke2 Kg7 38. Kd2 Kh6 39.
Ke2 Rc6 40. Rb2 c4 41. Rhb1 cxd3+ 42. cxd3 g4 43. fxg4 hxg4 44. hxg4 Kg5 45.
Rxb4 Rxb4 46. Rxb4 Kxg4 47. Rb6 Rc2+ 48. Ke1 Ra2 49. Re6 Kf3 50. Rxe5 Rxf2 51.
Rf5 Ke3 52. e5 Re2+ 53. Kd1 Kxd3 54. Rxf4 Rxe5 55. Rf3+ Kc4 56. Kc2 Rxa5 57.
Rf8 Rxa4 58. Rc8+ Kb5 59. Kd3 Rb4 60. Rb8+ Ka4 61. Rd8 a5 62. Rd5 Rb5 63. Rxd4+
Kb3 64. Kd2 Kb2 65. Kd1 Rb4 66. Rd5 a4 0-1

[Event "Nationale 1 Besançon-Cannes"]
[Site "Avignon"]
[Date "2007.11.25"]
[Round "3.4"]
[White "Crut, A."]
[Black "Levacic, D."]
[Result "0-1"]
[WhiteElo "2317"]
[BlackElo "2253"]
[Annotator "Avignon,Club"]
[PlyCount "116"]
[EventDate "2007.??.??"]

{159MB, DFritz10.ctg} 1. e4 c5 2. Nf3 d6 3. Bb5+ Bd7 4. Bxd7+ Qxd7 5. O-O Nc6
6. c3 Nf6 7. d4 cxd4 8. cxd4 d5 9. e5 Ne4 10. Be3 e6 11. Nbd2 Nxd2 12. Nxd2 g6
13. Nf3 Bg7 14. Qd2 h6 15. Rac1 g5 16. b4 b6 17. h4 gxh4 18. Nxh4 Bf8 19. a3
Rc8 20. Rc3 a5 21. b5 Na7 22. Rxc8+ Qxc8 23. Qb2 Qc4 24. Rb1 Kd7 25. Nf3 Be7
26. Nd2 Qd3 27. a4 Rc8 28. Qb3 Rc3 29. Qd1 Bg5 30. Bxg5 hxg5 31. Nf3 Qxd1+ 32.
Rxd1 Ra3 33. Nxg5 Rxa4 34. Rd3 Nxb5 35. Rf3 Nxd4 36. Rxf7+ Kc6 37. Re7 b5 38.
Nxe6 Nxe6 39. Rxe6+ Kc5 40. Ra6 Ra1+ 41. Kh2 a4 42. e6 d4 43. f4 d3 44. f5 d2
45. e7 d1=Q 46. e8=Q Qg1+ 47. Kg3 Ra3+ 48. Kg4 Qh2 49. Kg5 Rg3+ 50. Kf6 Qh6+
51. Qg6 Rxg6+ 52. fxg6 Qf8+ 53. Kg5 Kd5 54. Ra7 a3 55. g7 Qg8 56. Kg6 b4 57.
Rf7 a2 58. Rf5+ Kc4 0-1

[Event "Nationale 1 Toulouse-Grasse"]
[Site "Avignon"]
[Date "2007.11.25"]
[Round "3.4"]
[White "Luminais, E."]
[Black "Andonov, B."]
[Result "0-1"]
[WhiteElo "2231"]
[BlackElo "2361"]
[Annotator "Avignon,Club"]
[PlyCount "128"]
[EventDate "2007.??.??"]

{159MB, DFritz10.ctg} 1. e4 c5 2. Nf3 Nc6 3. d3 Nf6 4. g3 d5 5. Nbd2 Bg4 6. h3
Bh5 7. Bg2 e6 8. O-O h6 9. Re1 Be7 10. exd5 Nxd5 11. Nc4 Nb6 12. g4 Nxc4 13.
gxh5 Nd6 14. Ne5 Nxe5 15. Rxe5 Rc8 16. Qg4 Bf6 17. Re2 b6 18. c3 Ke7 19. Bf4
Re8 20. Be4 Kf8 21. Bxd6+ Qxd6 22. f4 Rc7 23. f5 exf5 24. Qxf5 g6 25. Qf3 Re5
26. Rf1 Kg7 27. Ref2 Bh4 28. Rg2 g5 29. Qg4 Kf8 30. Qf3 Rce7 31. Qf6 Qxf6 32.
Rxf6 Kg7 33. Rf4 Kf8 34. Rf6 R7e6 35. Rxe6 Rxe6 36. Re2 f5 37. Bf3 Rd6 {0} 38.
Rd2 Bg3 39. Bb7 Kf7 40. Ba6 Kf6 41. Kg2 Bf4 42. Re2 g4 43. Re8 Kg5 44. Rf8 Bc1
45. Bc8 gxh3+ 46. Kh2 Bf4+ 47. Kxh3 Rxd3+ 48. Kg2 Rd5 49. c4 Re5 50. b3 Bc1 51.
Kf2 f4 52. Rg8+ Kxh5 53. Bg4+ Kh4 54. Bf3 Be3+ 55. Kf1 Rg5 56. Rh8 Kg3 57. Ke2
Bd4 58. Rd8 h5 59. Bd5 h4 60. Rd7 h3 61. Rh7 f3+ 62. Kf1 f2 63. Be6 h2 64. Rh3+
Kf4 0-1

[Event "Nationale 1 Cannes-Besançon"]
[Site "Avignon"]
[Date "2007.11.25"]
[Round "3.6"]
[White "Burnier, D."]
[Black "Marino, O."]
[Result "1/2-1/2"]
[WhiteElo "2292"]
[BlackElo "2125"]
[Annotator "Avignon,Club"]
[PlyCount "127"]
[EventDate "2007.??.??"]

{159MB, DFritz10.ctg} 1. d4 Nf6 2. c4 g6 3. Nc3 Bg7 4. e4 d6 5. Bd3 O-O 6. Nge2
c5 7. d5 a6 8. a4 b6 9. O-O e5 10. Ng3 Ne8 11. Be3 h5 12. f3 Nd7 13. Qd2 Bf6
14. Rab1 Qe7 15. b4 Ng7 16. bxc5 bxc5 17. a5 h4 18. Nge2 Nh5 19. Kh1 Bg7 20.
Bc2 Nf4 21. Nxf4 exf4 22. Bxf4 Ne5 23. Bd3 h3 24. g3 Qc7 25. Na4 Nxd3 26. Qxd3
Qxa5 27. Nb6 Rb8 28. Qd2 Qxd2 29. Bxd2 Be5 30. f4 Bd4 31. f5 Re8 32. Bf4 Be5
33. fxg6 fxg6 34. Bxe5 Rxe5 35. Nxc8 Rxc8 36. Rf6 Rxe4 37. Rxg6+ Kh7 38. Rxd6
Rce8 39. Rb7+ Kg8 40. Rg6+ Kf8 41. Kg1 Re2 42. Rh6 Kg8 43. Rxh3 Rc2 44. Rb1
Rxc4 45. Rd1 Rd8 46. Rh6 a5 47. Ra6 a4 48. Ra7 Rb4 49. d6 c4 50. Rd4 Rb1+ 51.
Kg2 c3 52. Rc4 Rb2+ 53. Kh3 c2 54. Rcc7 Ra2 55. Kg4 c1=Q 56. Rxc1 Rxh2 57. Rd1
Rh6 58. d7 Rh7 59. Kf5 Kf8 60. g4 a3 61. g5 Rh3 62. Kg6 Rf3 63. Rh1 Ke7 64.
Re1+ 1/2-1/2

[Event "Nationale 1 Avignon-Lyon"]
[Site "Avignon"]
[Date "2007.11.25"]
[Round "3.6"]
[White "Safranska, A."]
[Black "Pieroni, G."]
[Result "1-0"]
[WhiteElo "2294"]
[BlackElo "2228"]
[Annotator "Avignon,Club"]
[PlyCount "115"]
[EventDate "2007.??.??"]

{159MB, DFritz10.ctg} 1. Nf3 Nf6 2. g3 d5 3. Bg2 Bg4 4. d3 Nbd7 5. O-O e6 6.
Qe1 Be7 7. h3 Bh5 8. e4 c6 9. e5 Ng8 10. Nh2 Bg6 11. f4 h5 12. Be3 Nh6 13. Nd2
Qc7 14. g4 O-O-O 15. Rc1 hxg4 16. hxg4 f6 17. d4 f5 18. g5 Nf7 19. c4 Nb6 20.
c5 Na8 21. b4 Kd7 22. Nb3 Rh7 23. Rf2 Qc8 24. Bf1 Rdh8 25. b5 Bd8 26. Bd2 Ke7
27. Ba5 Rh4 28. Bxd8+ Nxd8 29. a4 Be8 30. Rb1 Qc7 31. b6 axb6 32. cxb6 Qxb6 33.
Nc5 Qa7 34. Qb4 b6 35. Nb7+ c5 36. dxc5 Qxa4 37. Nxd8 Qxb4 38. Rxb4 bxc5 39.
Rb8 Bd7 40. Rxa8 Rxd8 41. Rxd8 Kxd8 42. Kg2 Kc7 43. Kg3 Rh8 44. Ra2 Rb8 45.
Ra7+ Rb7 46. Rxb7+ Kxb7 47. Kf2 Kb6 48. Nf3 Bb5 49. Bxb5 Kxb5 50. g6 Kc6 51.
Ng5 Kd7 52. Ke3 Ke7 53. Kd3 Kd7 54. Kc3 Ke7 55. Kb3 Kd7 56. Ka4 Ke7 57. Kb5 c4
58. Kb4 1-0

[Event "Interclubs Adultes"]
[Site "VINCENNES"]
[Date "15.??.??"]
[Round "4.1"]
[White "Brih, Said"]
[Black "Istratescu, Andrei"]
[Result "0-1"]
[WhiteElo "2207"]
[BlackElo "2631"]
[PlyCount "104"]
[EventDate "15.??.??"]
[WhiteTeam "Creteil"]
[BlackTeam "Belfort"]

1. e4 c5 2. Nc3 Nc6 3. g3 g6 4. Bg2 Bg7 5. d3 d6 6. Be3 Rb8 7. f4 Nd4 8. Qd2
Qa5 9. h3 e6 10. Nf3 Ne7 11. O-O Nec6 12. Nh4 f5 13. Qf2 O-O 14. exf5 gxf5 15.
Nd1 Qa4 16. c3 Nb5 17. g4 Nc7 18. Kh1 Ne7 19. Rg1 fxg4 20. hxg4 Qe8 21. Qg3 Ng6
22. Nxg6 hxg6 23. Nf2 Nd5 24. Bd2 b5 25. Ne4 Rb6 26. Ng5 Bf6 27. Rae1 Bxg5 28.
fxg5 Bb7 29. Rgf1 e5 30. Be4 Rxf1+ 31. Rxf1 Ne7 32. Bxb7 Rxb7 33. Qf3 Rb6 34.
Qh3 Qc6+ 35. Kg1 Qd5 36. Rf2 Rb8 37. Rh2 Kf7 38. Rf2+ Ke6 39. Rf6+ Kd7 40. b3
a5 41. Qf3 Qxf3 42. Rxf3 c4 43. Kf2 cxb3 44. axb3 a4 45. bxa4 bxa4 46. Ke2 a3
47. Rf1 a2 48. Ra1 Rb2 49. d4 Nc6 50. Kd3 e4+ 51. Ke3 Na5 52. Bc1 Rc2 0-1

[Event "Interclubs Adultes"]
[Site "VINCENNES"]
[Date "15.??.??"]
[Round "4.2"]
[White "Vajda, Levente"]
[Black "Bouchet, Nicolas"]
[Result "1-0"]
[WhiteElo "2564"]
[BlackElo "2298"]
[PlyCount "93"]
[EventDate "15.??.??"]
[WhiteTeam "Belfort"]
[BlackTeam "Creteil"]

1. e4 c5 2. c3 Nf6 3. e5 Nd5 4. d4 cxd4 5. Nf3 Nc6 6. cxd4 d6 7. Bc4 Nb6 8. Bb5
dxe5 9. Nxe5 Bd7 10. Nxd7 Qxd7 11. Nc3 e6 12. O-O Be7 13. Qg4 O-O 14. Bh6 Qxd4
15. Bf4 Nd5 16. Nxd5 Qxd5 17. Bxc6 Qxc6 18. Be5 f6 19. Rac1 Qd5 20. Rc7 Rf7 21.
Bc3 Bf8 22. Rxf7 Kxf7 23. Rd1 Qc6 24. h4 b5 25. h5 a5 26. Qf4 b4 27. Be5 Kg8
28. Bc7 e5 29. Qd2 a4 30. h6 g6 31. Bd8 Ra6 32. Qd3 Qe6 33. Qb5 a3 34. bxa3
bxa3 35. Bc7 Ra8 36. Bb8 Qxa2 37. Rd8 Qf7 38. Qc6 Ra5 39. Bd6 a2 40. Rxf8+ Qxf8
41. Qc4+ Kh8 42. Bxf8 a1=Q+ 43. Kh2 Ra7 44. Qc8 Kg8 45. Ba3+ Kf7 46. Qc4+ Ke8
47. Qg8+ 1-0

[Event "Interclubs Adultes"]
[Site "VINCENNES"]
[Date "15.??.??"]
[Round "4.3"]
[White "Larrat, Philippe"]
[Black "Szabo, Gergely-Andras-Gyula"]
[Result "1/2-1/2"]
[WhiteElo "2195"]
[BlackElo "2518"]
[PlyCount "85"]
[EventDate "15.??.??"]
[WhiteTeam "Creteil"]
[BlackTeam "Belfort"]

1. e4 d5 2. exd5 Qxd5 3. Nc3 Qd8 4. d4 Nf6 5. Nf3 Bg4 6. h3 Bxf3 7. Qxf3 c6 8.
Be3 e6 9. O-O-O Bb4 10. Ne4 Nbd7 11. g4 Nxe4 12. Qxe4 Nf6 13. Qf3 Qd5 14. Qxd5
cxd5 15. Rd3 Bd6 16. Rb3 O-O-O 17. Bg2 Rd7 18. Kb1 Kb8 19. Rc1 Rc7 20. Rd3 b5
21. g5 Ng8 22. b3 h5 23. a4 b4 24. c4 bxc3 25. Rdxc3 Rxc3 26. Rxc3 Ne7 27. Bf1
Kb7 28. Bd3 f5 29. Bc1 Nc6 30. Ba6+ Kb6 31. Bb5 Nd8 32. Bd7 f4 33. Rc8 Rf8 34.
Bd2 h4 35. Kc2 a6 36. Kd3 Bc7 37. Bb4 Rf7 38. Bc5+ Kb7 39. Rxd8 Bxd8 40. Bxe6
Rc7 41. Bxd5+ Kc8 42. Be6+ Kb7 43. Bd5+ 1/2-1/2

[Event "Interclubs Adultes"]
[Site "VINCENNES"]
[Date "15.??.??"]
[Round "4.4"]
[White "Monsieux, Sebastien"]
[Black "Romieux, Sebastien"]
[Result "0-1"]
[WhiteElo "2081"]
[BlackElo "2249"]
[PlyCount "130"]
[EventDate "15.??.??"]
[WhiteTeam "Belfort"]
[BlackTeam "Creteil"]

1. d4 Nf6 2. c4 e6 3. Nc3 Bb4 4. Qc2 O-O 5. Bg5 h6 6. Bh4 c5 7. dxc5 Nc6 8. e3
g5 9. Bg3 Qa5 10. Bd6 Re8 11. h4 g4 12. f3 Bxc5 13. Bxc5 Qxc5 14. Kf2 d5 15.
Be2 g3+ 16. Ke1 Qxe3 17. Qd2 Qf2+ 18. Kd1 Kg7 19. Nh3 Qxg2 20. Kc2 d4 21. Rag1
dxc3 22. bxc3 Qxh1 23. Rxh1 e5 24. Bd3 Be6 25. Qg2 Nh5 26. f4 Bxh3 27. Rxh3
exf4 28. Qf3 Re5 29. Rh1 Rc8 30. Rb1 b6 31. a4 Ne7 32. Rb5 Rcc5 33. Rxc5 Rxc5
34. Qe4 Ng6 35. Qd4+ Ne5 36. Be2 Kg6 37. Bxh5+ Kxh5 38. Qxf4 g2 39. Qg3 Nxc4
40. Kb3 Nd2+ 41. Kb2 Nc4+ 42. Kb3 f5 43. Qxg2 Kxh4 44. Qg7 h5 45. Kc2 a5 46.
Kd3 Kh3 47. Ke2 Ne5 48. Qg5 Ng4 49. Qxh5+ Kg3 50. Qg6 Re5+ 51. Kd2 f4 52. Qxb6
f3 53. Qg1+ Kf4 54. Qd4+ Re4 55. Qd6+ Ne5 56. Qf6+ Kg3 57. Qg7+ Ng4 58. Qg6 Rf4
59. Qd3 Ne5 60. Qf1 Nc4+ 61. Kd3 f2 62. Ke2 Re4+ 63. Kd3 Re1 64. Qxf2+ Kxf2 65.
Kxc4 Rb1 0-1

[Event "Interclubs Adultes"]
[Site "VINCENNES"]
[Date "15.??.??"]
[Round "4.5"]
[White "Li, Frederic"]
[Black "Bangnoi, Alexandre"]
[Result "1-0"]
[WhiteElo "2108"]
[BlackElo "2098"]
[PlyCount "48"]
[EventDate "15.??.??"]
[WhiteTeam "Creteil"]
[BlackTeam "Belfort"]

1. Nf3 f5 2. g3 Nf6 3. Bg2 e6 4. c4 Be7 5. O-O O-O 6. b3 d6 7. d4 Ne4 8. Bb2
Nd7 9. Nfd2 Nxd2 10. Nxd2 c6 11. e4 f4 12. e5 dxe5 13. dxe5 fxg3 14. hxg3 Nc5
15. Ne4 Bd7 16. Qg4 Kh8 17. Rad1 Nxe4 18. Bxe4 Qe8 19. Kg2 Bc5 20. f3 Kg8 21.
Rh1 g6 22. Rh6 Rf7 23. Bxg6 hxg6 24. Rxg6+ Kf8 1-0

[Event "Interclubs Adultes"]
[Site "VINCENNES"]
[Date "15.??.??"]
[Round "4.6"]
[White "Dikant, Christophe"]
[Black "Lam, Sophie"]
[Result "1-0"]
[WhiteElo "2070"]
[BlackElo "2079"]
[PlyCount "93"]
[EventDate "15.??.??"]
[WhiteTeam "Belfort"]
[BlackTeam "Creteil"]

1. d4 Nf6 2. Nf3 g6 3. Bf4 Bg7 4. e3 c5 5. c3 cxd4 6. exd4 d5 7. Nbd2 O-O 8.
Be2 Nc6 9. O-O Nh5 10. Be3 Qd6 11. Nb3 Nf4 12. Bxf4 Qxf4 13. Qd2 Qd6 14. Rfe1
Bg4 15. h3 Bd7 16. Bf1 Rab8 17. Nc5 Bc8 18. Nd3 Bf5 19. Nde5 Be4 20. Nxc6 bxc6
21. Ne5 Bf5 22. Bd3 Be6 23. b4 Rfe8 24. Bc2 f6 25. Nd3 Bf5 26. Ba4 e5 27. a3
exd4 28. cxd4 Bxd3 29. Qxd3 f5 30. Rec1 Rec8 31. Rd1 Qf4 32. Rac1 Rb6 33. b5
Bf8 34. Qe2 c5 35. dxc5 Rxc5 36. Rxc5 Bxc5 37. Bb3 Kg7 38. a4 d4 39. Qc4 Qd6
40. Rc1 Ba3 41. Qf7+ Kh6 42. Rc7 Qb4 43. g3 Qe1+ 44. Kg2 Qe4+ 45. Kh2 Bd6 46.
Qxh7+ Kg5 47. f4+ 1-0

[Event "Interclubs Adultes"]
[Site "VINCENNES"]
[Date "15.??.??"]
[Round "4.7"]
[White "Graca, Robert"]
[Black "Tachikart, Yassin"]
[Result "1-0"]
[WhiteElo "2067"]
[BlackElo "2074"]
[PlyCount "63"]
[EventDate "15.??.??"]
[WhiteTeam "Creteil"]
[BlackTeam "Belfort"]

1. d4 d5 2. c4 c6 3. Nf3 Nf6 4. Nc3 dxc4 5. e4 b5 6. e5 Nd5 7. a4 Nxc3 8. bxc3
e6 9. axb5 cxb5 10. Ng5 Qc7 11. Qh5 h6 12. Be2 Rg8 13. Bf3 g6 14. Qh3 Nc6 15.
Ne4 Be7 16. Qxh6 Bb7 17. Qh7 Rf8 18. Bh6 Nxe5 19. dxe5 Bxe4 20. Bxe4 Qxe5 21.
O-O Qxe4 22. Bxf8 Bxf8 23. Qh8 Kd7 24. Qf6 Ke8 25. Rfd1 Bc5 26. Ra2 Be7 27.
Qh8+ Bf8 28. Rad2 Rc8 29. Rd7 Qf4 30. g3 Qf5 31. Qd4 Be7 32. Rxe7+ 1-0

[Event "Interclubs Adultes"]
[Site "VINCENNES"]
[Date "15.??.??"]
[Round "4.8"]
[White "Cechetto, Lea"]
[Black "L'Huillier, Helene"]
[Result "1-0"]
[WhiteElo "1728"]
[BlackElo "2022"]
[PlyCount "36"]
[EventDate "15.??.??"]
[WhiteTeam "Belfort"]
[BlackTeam "Creteil"]

1. e4 e5 2. Nf3 Nc6 3. Bc4 Bc5 4. c3 Nf6 5. d3 d6 6. Nbd2 a6 7. a3 Qe7 8. O-O
Bg4 9. h3 Bh5 10. Re1 O-O 11. Nf1 h6 12. g4 Bg6 13. Ng3 Qd7 14. Nh4 Bh7 15. Qf3
Ne7 16. Bxh6 Nxe4 17. dxe4 gxh6 18. Nh5 Kh8 1-0

[Event "Interclubs Adultes"]
[Site "VINCENNES"]
[Date "15.??.??"]
[Round "4.1"]
[White "Velikov, Petar"]
[Black "Hassler, Franck"]
[Result "1-0"]
[WhiteElo "2426"]
[BlackElo "2310"]
[PlyCount "46"]
[EventDate "15.??.??"]
[WhiteTeam "Vincennes"]
[BlackTeam "Mulhouse II"]

1. Nf3 Nf6 2. g3 d5 3. Bg2 c6 4. O-O Bf5 5. d3 Nbd7 6. c4 e5 7. cxd5 cxd5 8.
Bg5 Qb6 9. Nc3 d4 10. Na4 Qa6 11. Bxf6 gxf6 12. b4 Rc8 13. b5 Qxb5 14. Rb1 Qa5
15. Rxb7 Be6 16. Nd2 Bxa2 17. Nc4 Bxc4 18. dxc4 Rxc4 19. Qb3 Rb4 20. Rxb4 Qxb4
21. Qc2 Kd8 22. Rb1 Qa5 23. Rb7 a6 1-0

[Event "Interclubs Adultes"]
[Site "VINCENNES"]
[Date "15.??.??"]
[Round "4.2"]
[White "Kurmann, Oliver"]
[Black "Jablonski, Noham"]
[Result "1-0"]
[WhiteElo "2396"]
[BlackElo "2279"]
[PlyCount "73"]
[EventDate "15.??.??"]
[WhiteTeam "Mulhouse II"]
[BlackTeam "Vincennes"]

1. e4 c5 2. Nf3 e6 3. d4 cxd4 4. Nxd4 Nf6 5. Nc3 d6 6. Be3 a6 7. g4 h6 8. Bg2
e5 9. Nf5 g6 10. Qe2 gxf5 11. exf5 Nc6 12. O-O-O Qa5 13. f4 Bd7 14. h3 O-O-O
15. Qf2 Re8 16. a3 Qd8 17. g5 hxg5 18. fxg5 Nh5 19. Nd5 Kb8 20. h4 Nd4 21. Rxd4
exd4 22. Bxd4 Re5 23. Bb6 Rxf5 24. Qxf5 Bxf5 25. Bxd8 Ng3 26. Re1 Be6 27. Nf4
Bg7 28. Bb6 Be5 29. Nd3 Rxh4 30. Nxe5 dxe5 31. Rxe5 Rh2 32. Bf3 Kc8 33. g6 Rh6
34. Rc5+ Kd7 35. Rc7+ Kd6 36. gxf7 Rf6 37. Bxb7 1-0

[Event "Interclubs Adultes"]
[Site "VINCENNES"]
[Date "15.??.??"]
[Round "4.3"]
[White "Fayard, Alain"]
[Black "Fargere, Francois"]
[Result "1-0"]
[WhiteElo "2360"]
[BlackElo "2325"]
[PlyCount "113"]
[EventDate "15.??.??"]
[WhiteTeam "Vincennes"]
[BlackTeam "Mulhouse II"]

1. d4 d5 2. c4 c6 3. Nf3 Nf6 4. e3 Bf5 5. Nbd2 e6 6. Nh4 Bg6 7. Nxg6 hxg6 8.
Qc2 Nbd7 9. Be2 Bd6 10. f4 Ng4 11. Nf3 Ndf6 12. c5 Be7 13. Bd3 b6 14. b4 a5 15.
b5 cxb5 16. Bxb5+ Kf8 17. O-O bxc5 18. h3 Qb6 19. Rb1 Nh6 20. Ne5 Qc7 21. Bc6
Ra7 22. dxc5 Ne4 23. Ba3 Kg8 24. Rb6 Bf6 25. Bb2 Nf5 26. Bd4 Nxd4 27. exd4 Bxe5
28. fxe5 Ng3 29. Rfb1 Nf5 30. Qf2 Qe7 31. Ba4 Rh4 32. Rb8+ Kh7 33. Re8 Qg5 34.
Rbb8 Qc1+ 35. Kh2 g5 36. Rh8+ Kg6 37. Rxh4 gxh4 38. Bc2 Qg5 39. Rb3 Kh6 40.
Bxf5 exf5 41. Rf3 g6 42. Qb2 Qe7 43. Qc1+ Qg5 44. Qb2 Qe7 45. Rb3 Qg5 46. Qc3
a4 47. Rb1 Qf4+ 48. Kg1 Qg3 49. Qxg3 hxg3 50. Kf1 a3 51. Ke2 f4 52. Kf3 Ra4 53.
Rc1 g5 54. c6 Ra8 55. c7 Rc8 56. Kg4 f5+ 57. Kxf5 1-0

[Event "Interclubs Adultes"]
[Site "VINCENNES"]
[Date "15.??.??"]
[Round "4.4"]
[White "Lerch, Patrice"]
[Black "Peyrat, Olivier"]
[Result "1-0"]
[WhiteElo "2306"]
[BlackElo "2246"]
[PlyCount "53"]
[EventDate "15.??.??"]
[WhiteTeam "Mulhouse II"]
[BlackTeam "Vincennes"]

1. e4 c6 2. Nc3 d5 3. Nf3 Bg4 4. h3 Bh5 5. d4 dxe4 6. Nxe4 Bxf3 7. Qxf3 Qxd4 8.
Bd3 Nd7 9. Be3 Qb4+ 10. c3 Qa5 11. O-O-O Ngf6 12. Rhe1 e6 13. Bf4 Qxa2 14. Bb1
Qa5 15. Qd3 Nc5 16. Nxc5 Bxc5 17. Re5 Qb6 18. Qg3 O-O 19. Rg5 g6 20. Bxg6 fxg6
21. Rxg6+ Kf7 22. Rxf6+ Ke8 23. Rxe6+ Kf7 24. Bc7 Qb3 25. Qf4+ Kxe6 26. Qe5+
Kf7 27. Rd7+ 1-0

[Event "Interclubs Adultes"]
[Site "VINCENNES"]
[Date "15.??.??"]
[Round "4.5"]
[White "Vasilescu, Victor"]
[Black "Riff, Vincent"]
[Result "1/2-1/2"]
[WhiteElo "2172"]
[BlackElo "2303"]
[PlyCount "54"]
[EventDate "15.??.??"]
[WhiteTeam "Vincennes"]
[BlackTeam "Mulhouse II"]

1. e4 c5 2. Nf3 Nc6 3. d4 cxd4 4. Nxd4 e5 5. Nb5 d6 6. N1c3 a6 7. Na3 b5 8. Nd5
Nge7 9. c4 Nd4 10. Be3 Nxd5 11. cxd5 g6 12. Bxd4 exd4 13. Qxd4 Qa5+ 14. Qd2
Qxd2+ 15. Kxd2 Bg7 16. Rb1 f5 17. Bd3 O-O 18. f3 fxe4 19. Bxe4 Bf5 20. Rhe1
Rac8 21. Re2 Rc5 22. Nc2 Rfc8 23. Nb4 Bh6+ 24. Ke1 Bd7 25. Nxa6 Rc1+ 26. Rxc1
Rxc1+ 27. Kf2 Bg7 1/2-1/2

[Event "Interclubs Adultes"]
[Site "VINCENNES"]
[Date "15.??.??"]
[Round "4.6"]
[White "Leburgue, Sylvain"]
[Black "Nemirovski, Serge"]
[Result "1-0"]
[WhiteElo "2234"]
[BlackElo "2259"]
[PlyCount "65"]
[EventDate "15.??.??"]
[WhiteTeam "Mulhouse II"]
[BlackTeam "Vincennes"]

1. e4 e6 2. d4 d5 3. Nc3 Nf6 4. Bg5 dxe4 5. Nxe4 Be7 6. Bxf6 gxf6 7. Qd3 f5 8.
Nc3 c6 9. O-O-O Qc7 10. Nf3 Nd7 11. Kb1 b6 12. Be2 Bb7 13. Ne5 Rg8 14. Bf3 Nxe5
15. dxe5 Bc5 16. g4 Rd8 17. Qe2 Ke7 18. gxf5 exf5 19. Bh5 Rg2 20. Qc4 Rxd1+ 21.
Rxd1 Kf8 22. Qf4 Bc8 23. Qh6+ Kg8 24. f4 Be6 25. Bf3 Rg6 26. Qh4 Kg7 27. Bh5
Be7 28. Qf2 Bc5 29. Qe2 Rh6 30. Qg2+ Kh8 31. Qg5 Bf8 32. Rd8 Qe7 33. Qxe7 1-0

[Event "Interclubs Adultes"]
[Site "VINCENNES"]
[Date "15.??.??"]
[Round "4.7"]
[White "Lohou, Stephane"]
[Black "Schmitt, Fabien"]
[Result "1/2-1/2"]
[WhiteElo "2161"]
[BlackElo "2190"]
[PlyCount "110"]
[EventDate "15.??.??"]
[WhiteTeam "Vincennes"]
[BlackTeam "Mulhouse II"]

1. e4 c5 2. Nf3 Nc6 3. d4 cxd4 4. Nxd4 Nf6 5. Nc3 e5 6. Ndb5 d6 7. Nd5 Nxd5 8.
Qxd5 Be6 9. Qd2 a6 10. Nc3 Be7 11. Bd3 O-O 12. O-O Nb4 13. Qe2 Rc8 14. f4 Nxd3
15. cxd3 exf4 16. Bxf4 Bf6 17. Rac1 Be5 18. Qe3 b5 19. a3 Bxc3 20. bxc3 d5 21.
Qg3 Kh8 22. Be5 f6 23. Bd6 Rg8 24. e5 fxe5 25. Bxe5 Qe8 26. Rce1 Qg6 27. Qxg6
hxg6 28. Bd4 Rge8 29. Rf3 Kg8 30. h3 Bf7 31. Rxe8+ Rxe8 32. Kf2 Be6 33. Bc5 Rc8
34. Bb4 d4 35. cxd4 Bd5 36. Rg3 Rc2+ 37. Kg1 Kf7 38. Rg5 Be6 39. d5 Bf5 40. Rg3
Rc1+ 41. Kf2 Rc8 42. Rf3 Kg8 43. g4 Bd7 44. Ke3 Rd8 45. Rf2 Bc8 46. Kd4 Bb7 47.
d6 a5 48. Bc5 Bc6 49. Rf4 Rd7 50. Rf2 Rf7 51. Rxf7 Kxf7 52. Ke5 Bd7 53. Bd4 b4
54. axb4 axb4 55. Kd5 b3 1/2-1/2

[Event "Interclubs Adultes"]
[Site "VINCENNES"]
[Date "15.??.??"]
[Round "4.8"]
[White "Richard, Emma"]
[Black "Descroix, Claire"]
[Result "1-0"]
[WhiteElo "1955"]
[BlackElo "1649"]
[PlyCount "47"]
[EventDate "15.??.??"]
[WhiteTeam "Mulhouse II"]
[BlackTeam "Vincennes"]

1. e4 e6 2. d4 d5 3. Nd2 Nf6 4. e5 Nfd7 5. Bd3 c5 6. c3 Nc6 7. Ne2 Qb6 8. Nf3
Be7 9. O-O cxd4 10. cxd4 O-O 11. Nf4 Nd8 12. Be3 f6 13. Nh4 fxe5 14. dxe5 Bc5
15. Qh5 Rf5 16. Nxf5 exf5 17. Bxc5 Qxc5 18. Bxf5 g6 19. Qg5 Nf7 20. Be6 Nf8 21.
Bxf7+ Kxf7 22. Rac1 Qb6 23. Nxd5 Qxb2 24. Qf6+ 1-0

[Event "Interclubs Adultes"]
[Site "VINCENNES"]
[Date "15.??.??"]
[Round "4.1"]
[White "Shirazi, Kamran"]
[Black "Ikonnikov, Vyacheslav"]
[Result "1/2-1/2"]
[WhiteElo "2408"]
[BlackElo "2555"]
[PlyCount "110"]
[EventDate "15.??.??"]
[WhiteTeam "Lutèce Echecs"]
[BlackTeam "Gambsheim"]

1. e4 c5 2. Nf3 Nc6 3. g3 g6 4. Bg2 Bg7 5. O-O d6 6. Re1 e5 7. c3 Nge7 8. Na3
O-O 9. Nc2 f5 10. d4 fxe4 11. Rxe4 d5 12. Rxe5 Nxe5 13. Nxe5 cxd4 14. cxd4 Nc6
15. Be3 Nxe5 16. dxe5 Bxe5 17. Bxd5+ Kh8 18. Bc5 Re8 19. Bf7 Qc7 20. Bxe8 Qxc5
21. Qd8 Qf8 22. Re1 Bf6 23. Qd2 Bf5 24. Ba4 Rd8 25. Qe2 Bxb2 26. Ne3 Bd4 27.
Nxf5 Qxf5 28. Rd1 Qf6 29. Kg2 a6 30. Bb3 Kg7 31. Rd3 Qc6+ 32. f3 Qf6 33. Qe4 b5
34. h4 h5 35. Rd2 Bb6 36. Rc2 Qd4 37. Qxd4+ Rxd4 38. Rc6 Rd2+ 39. Kh3 Bg1 40.
Rc7+ Kh8 41. g4 Bh2 42. Rc2 Bf4 43. gxh5 Rxc2 44. Bxc2 gxh5 45. Bg6 Kg7 46.
Bxh5 Kf6 47. Kg4 Ke5 48. Be8 b4 49. Kh5 Kf6 50. Ba4 a5 51. Bd1 Be3 52. Kg4 Ke5
53. Kg3 Bf4+ 54. Kf2 Kd4 55. h5 Bh6 1/2-1/2

[Event "Interclubs Adultes"]
[Site "VINCENNES"]
[Date "15.??.??"]
[Round "4.2"]
[White "Schwalfenberg, Joerg"]
[Black "Babault, Patrice"]
[Result "1/2-1/2"]
[WhiteElo "2335"]
[BlackElo "2334"]
[PlyCount "47"]
[EventDate "15.??.??"]
[WhiteTeam "Gambsheim"]
[BlackTeam "Lutèce Echecs"]

1. d4 d5 2. Nf3 Nf6 3. c4 c6 4. e3 e6 5. Nbd2 Nbd7 6. Bd3 Bd6 7. O-O O-O 8. e4
e5 9. cxd5 cxd5 10. exd5 exd4 11. Ne4 Nxe4 12. Bxe4 Nf6 13. Qxd4 Nxe4 14. Qxe4
Re8 15. Qd3 Qf6 16. Bd2 Bf5 17. Qd4 Qxd4 18. Nxd4 Be4 19. Rfe1 Bxd5 20. Nb5 Be5
21. Bc3 Bxc3 22. Nxc3 Bc6 23. f3 Kf8 24. Kf2 1/2-1/2